[Event "Glorney Gilbert International 2015 - Gilbert"]
[Site "Johnstown House, Enfield, Co. Meath, Ireland"]
[Date "2015.07.20"]
[Round "1.1"]
[White "IRL Mirza, Diana"]
[Black "WLS Camp, Imogen"]
[Result "1-0"]
[BlackElo "1551"]
[WhiteElo "1735"]
[LiveChessVersion "1.4.6"]

1. d4 {[%clk 1:30:30]} d5 {[%clk 1:30:30]} 2. Nf3 {[%clk 1:30:55]} Nf6
{[%clk 1:30:41]} 3. e3 {[%clk 1:31:20]} Bg4 {[%clk 1:31:03]} 4. c4
{[%clk 1:30:43]} c6 {[%clk 1:31:09]} 5. Be2 {[%clk 1:28:43]} e6 {[%clk 1:30:44]}
6. O-O {[%clk 1:29:00]} Nbd7 {[%clk 1:30:20]} 7. Nc3 {[%clk 1:25:42]} Bd6
{[%clk 1:26:24]} 8. c5 {[%clk 1:13:30]} Bc7 {[%clk 1:25:38]} 9. b4
{[%clk 1:13:19]} Ne4 {[%clk 1:01:58]} 10. Nxe4 {[%clk 1:06:42]} dxe4
{[%clk 1:02:22]} 11. Nd2 {[%clk 1:07:02]} Bxe2 {[%clk 1:02:27]} 12. Qxe2
{[%clk 1:07:26]} f5 {[%clk 0:59:23]} 13. f3 {[%clk 0:59:17]} exf3
{[%clk 0:58:26]} 14. Nxf3 {[%clk 0:58:06]} O-O {[%clk 0:57:16]} 15. Bb2
{[%clk 0:50:36]} Nf6 {[%clk 0:55:27]} 16. a4 {[%clk 0:49:42]} Qe8
{[%clk 0:43:07]} 17. b5 {[%clk 0:45:02]} Ne4 {[%clk 0:37:53]} 18. Rab1
{[%clk 0:42:40]} Qh5 {[%clk 0:31:33]} 19. Rfe1 {[%clk 0:39:58]} Ng5
{[%clk 0:25:33]} 20. Ne5 {[%clk 0:32:17]} Qxe2 {[%clk 0:23:55]} 21. Rxe2
{[%clk 0:32:45]} Bxe5 {[%clk 0:24:06]} 22. dxe5 {[%clk 0:33:08]} Rfd8
{[%clk 0:23:17]} 23. Bd4 {[%clk 0:27:39]} Rd7 {[%clk 0:21:08]} 24. bxc6
{[%clk 0:23:37]} bxc6 {[%clk 0:21:31]} 25. Reb2 {[%clk 0:24:01]} Nf7
{[%clk 0:11:37]} 26. a5 {[%clk 0:15:18]} Rd5 {[%clk 0:08:31]} 27. a6
{[%clk 0:13:49]} Nd8 {[%clk 0:05:18]} 28. Bc3 {[%clk 0:10:27]} Kf7
{[%clk 0:03:52]} 29. Ba5 {[%clk 0:10:04]} Kg6 {[%clk 0:03:30]} 30. Bxd8
{[%clk 0:08:48]} Raxd8 {[%clk 0:03:50]} 31. Rb7 {[%clk 0:08:54]} Ra8
{[%clk 0:03:14]} 32. Re7 {[%clk 0:07:33]} Rxe5 {[%clk 0:03:16]} 33. Rbb7
{[%clk 0:07:54]} h6 {[%clk 0:03:02]} 34. Rxg7+ {[%clk 0:07:44]} Kh5
{[%clk 0:03:30]} 35. Rge7 {[%clk 0:03:08]} Rxc5 {[%clk 0:02:20]} 36. Rxe6
{[%clk 0:03:25]} Rc2 {[%clk 0:02:32]} 37. Rh7 {[%clk 0:02:42]} f4
{[%clk 0:01:36]} 38. Rhxh6+ {[%clk 0:02:15]} Kg4 {[%clk 0:01:59]} 39. h3+
{[%clk 0:02:15]} Kg5 {[%clk 0:02:09]} 40. Rhg6+ {[%clk 0:01:57]} Kh5
{[%clk 0:02:26]} 41. exf4 {[%clk 0:02:11]} Rc1+ {[%clk 0:02:11]} 42. Kh2
{[%clk 0:02:35]} Rc2 {[%clk 0:02:37]} 43. Rg5+ {[%clk 0:02:55]} 1-0

[Event "Glorney Gilbert International 2015 - Gilbert"]
[Site "Johnstown House, Enfield, Co. Meath, Ireland"]
[Date "2015.07.20"]
[Round "1.2"]
[White "WLS Sivarajasingam, Shayanna"]
[Black "IRL O'Gorman, Alice"]
[Result "1-0"]
[BlackElo "1720"]
[WhiteElo "1689"]
[LiveChessVersion "1.4.6"]

1. e4 {[%clk 1:30:58]} e5 {[%clk 1:30:53]} 2. Nf3 {[%clk 1:31:19]} Nf6
{[%clk 1:31:17]} 3. Nxe5 {[%clk 1:31:31]} d6 {[%clk 1:31:43]} 4. Nf3
{[%clk 1:31:56]} Nxe4 {[%clk 1:32:04]} 5. Nc3 {[%clk 1:32:22]} Nxc3
{[%clk 1:31:13]} 6. dxc3 Be7 {[%clk 1:30:58]} 7. Be3 {[%clk 1:32:08]} Nc6
{[%clk 1:29:06]} 8. Qd2 {[%clk 1:32:22]} Be6 {[%clk 1:25:44]} 9. O-O-O
{[%clk 1:31:27]} Qd7 {[%clk 1:23:05]} 10. Bb5 {[%clk 1:30:24]} a6
{[%clk 1:19:33]} 11. Ba4 {[%clk 1:30:18]} b5 {[%clk 1:12:14]} 12. Bb3
{[%clk 1:30:34]} Bxb3 {[%clk 1:11:35]} 13. cxb3 {[%clk 1:30:40]} a5
{[%clk 1:06:26]} 14. Qd5 {[%clk 1:29:01]} Rb8 {[%clk 1:03:29]} 15. Rhe1
{[%clk 1:19:11]} O-O {[%clk 1:00:13]} 16. Rd3 {[%clk 0:59:25]} b4
{[%clk 0:55:44]} 17. c4 {[%clk 0:59:08]} Rfd8 {[%clk 0:50:36]} 18. Bg5
{[%clk 0:52:20]} Ra8 {[%clk 0:42:18]} 19. Bxe7 {[%clk 0:44:27]} Nxe7
{[%clk 0:42:25]} 20. Qg5 {[%clk 0:40:44]} Ng6 {[%clk 0:37:15]} 21. Nd4
{[%clk 0:31:58]} h6 {[%clk 0:30:06]} 22. Qf5 {[%clk 0:29:18]} Qxf5
{[%clk 0:26:43]} 23. Nxf5 {[%clk 0:29:40]} Re8 {[%clk 0:22:06]} 24. Rxe8+
{[%clk 0:27:03]} Rxe8 {[%clk 0:22:21]} 25. Ne3 {[%clk 0:23:40]} Ne7
{[%clk 0:17:48]} 26. Kd2 {[%clk 0:23:06]} g6 {[%clk 0:16:02]} 27. Nd5
{[%clk 0:21:45]} Nxd5 {[%clk 0:15:57]} 28. Rxd5 {[%clk 0:22:09]} Re5
{[%clk 0:14:09]} 29. Rxe5 {[%clk 0:17:47]} dxe5 {[%clk 0:14:33]} 30. Kd3
{[%clk 0:17:34]} f5 {[%clk 0:13:56]} 31. c5 {[%clk 0:15:59]} c6 {[%clk 0:14:13]}
32. a3 {[%clk 0:16:10]} bxa3 {[%clk 0:14:20]} 33. bxa3 {[%clk 0:16:28]} Kf7
{[%clk 0:14:20]} 34. b4 {[%clk 0:15:52]} Ke7 {[%clk 0:13:42]} 35. Kc4
{[%clk 0:13:13]} Kd7 {[%clk 0:13:57]} 36. b5 {[%clk 0:09:43]} Kc7
{[%clk 0:12:14]} 37. b6+ {[%clk 0:08:37]} Kb7 {[%clk 0:12:35]} 38. Kd3
{[%clk 0:08:10]} g5 {[%clk 0:11:59]} 39. Ke3 {[%clk 0:05:25]} h5 {[%clk 0:11:18]}
40. h3 {[%clk 0:04:00]} g4 {[%clk 0:07:06]} 41. hxg4 {[%clk 0:03:39]} hxg4
{[%clk 0:07:19]} 42. g3 {[%clk 0:03:54]} Kc8 {[%clk 0:04:59]} 43. f3
{[%clk 0:04:11]} gxf3 {[%clk 0:04:09]} 44. Kxf3 {[%clk 0:04:39]} Kb7
{[%clk 0:04:08]} 45. g4 {[%clk 0:04:51]} e4+ {[%clk 0:04:03]} 46. Kf4
{[%clk 0:05:10]} fxg4 {[%clk 0:04:24]} 47. Kxg4 {[%clk 0:05:29]} e3
{[%clk 0:04:45]} 48. Kf3 {[%clk 0:05:58]} e2 {[%clk 0:05:04]} 49. Kxe2
{[%clk 0:06:27]} Ka6 {[%clk 0:05:01]} 50. Kd3 {[%clk 0:06:52]} Kb7
{[%clk 0:05:20]} 51. Ke4 {[%clk 0:07:16]} Kc8 {[%clk 0:05:20]} 52. Ke5
{[%clk 0:07:38]} Kd7 {[%clk 0:05:30]} 53. Kf6 {[%clk 0:08:03]} Kc8
{[%clk 0:05:45]} 54. Ke7 {[%clk 0:08:22]} Kb7 {[%clk 0:05:33]} 55. Kd7
{[%clk 0:08:46]} a4 {[%clk 0:05:54]} 56. Kd6 {[%clk 0:09:08]} Kb8
{[%clk 0:05:30]} 57. Kxc6 {[%clk 0:09:31]} Ka8 {[%clk 0:05:46]} 58. Kb5
{[%clk 0:09:54]} Kb7 {[%clk 0:05:57]} 59. c6+ {[%clk 0:10:21]} Kb8
{[%clk 0:06:11]} 60. b7 {[%clk 0:10:21]} Ka7 {[%clk 0:06:17]} 61. Kc5
{[%clk 0:10:43]} Kb8 {[%clk 0:06:29]} 62. Kd6 {[%clk 0:11:09]} Ka7
{[%clk 0:06:41]} 63. Kc7 1-0

[Event "Glorney Gilbert International 2015 - Gilbert"]
[Site "Johnstown House, Enfield, Co. Meath, Ireland"]
[Date "2015.07.20"]
[Round "1.3"]
[White "IRL Manojlovic, Anastasija"]
[Black "WLS Richards, Megan"]
[Result "1/2-1/2"]
[BlackElo "1403"]
[WhiteElo "1559"]
[LiveChessVersion "1.4.6"]

1. e4 {[%clk 1:30:30]} c5 {[%clk 1:30:30]} 2. c3 {[%clk 1:30:55]} d5
{[%clk 1:30:31]} 3. exd5 {[%clk 1:31:19]} Qxd5 {[%clk 1:30:46]} 4. d4
{[%clk 1:31:47]} Nc6 {[%clk 1:27:29]} 5. Nf3 {[%clk 1:32:08]} Bg4
{[%clk 1:25:17]} 6. Be2 {[%clk 1:30:52]} e6 {[%clk 1:18:28]} 7. O-O
{[%clk 1:29:57]} Nf6 {[%clk 1:12:04]} 8. h3 {[%clk 1:28:04]} Bxf3
{[%clk 1:09:55]} 9. Bxf3 {[%clk 1:27:22]} Qd7 {[%clk 1:08:21]} 10. dxc5
{[%clk 1:18:53]} Qxd1 {[%clk 1:07:13]} 11. Rxd1 {[%clk 1:19:15]} Bxc5
{[%clk 1:06:05]} 12. Bg5 {[%clk 1:11:54]} Ke7 {[%clk 1:02:26]} 13. Nd2
{[%clk 1:08:26]} h6 {[%clk 0:56:49]} 14. Bh4 {[%clk 0:59:59]} g5 {[%clk 0:55:37]}
15. Bg3 {[%clk 0:58:19]} Rad8 {[%clk 0:51:35]} 16. Nc4 {[%clk 0:52:16]} Rd7
{[%clk 0:44:28]} 17. Rxd7+ {[%clk 0:49:22]} Nxd7 {[%clk 0:43:06]} 18. Rd1
{[%clk 0:45:43]} Rd8 {[%clk 0:41:14]} 19. b4 {[%clk 0:28:58]} Bb6
{[%clk 0:39:21]} 20. Nxb6 {[%clk 0:24:22]} Nxb6 {[%clk 0:37:50]} 21. Rxd8
{[%clk 0:23:41]} Nxd8 {[%clk 0:36:49]} 22. Be5 {[%clk 0:09:32]} f6
{[%clk 0:33:52]} 23. Bd4 {[%clk 0:09:13]} Nc8 {[%clk 0:32:24]} 24. a4
{[%clk 0:08:19]} b6 {[%clk 0:32:16]} 25. Kf1 {[%clk 0:07:07]} e5 {[%clk 0:31:55]}
26. Be3 {[%clk 0:07:30]} Nd6 {[%clk 0:31:06]} 27. Be2 {[%clk 0:07:22]} N6b7
{[%clk 0:29:49]} 28. Ke1 {[%clk 0:06:36]} Kd6 {[%clk 0:28:37]} 29. c4
{[%clk 0:06:47]} f5 {[%clk 0:27:19]} 30. Kd1 {[%clk 0:06:30]} f4 {[%clk 0:27:27]}
31. Bd2 {[%clk 0:06:48]} a5 {[%clk 0:25:28]} 32. Kc2 {[%clk 0:06:14]} Ne6
{[%clk 0:24:26]} 33. Kc3 {[%clk 0:05:41]} Nd4 {[%clk 0:23:25]} 34. Bg4
{[%clk 0:05:37]} Kc7 {[%clk 0:21:12]} 35. Kb2 {[%clk 0:05:39]} Nd6
{[%clk 0:19:39]} 36. bxa5 {[%clk 0:01:35]} Nxc4+ {[%clk 0:19:39]} 37. Kc3
{[%clk 0:01:27]} Nxd2 {[%clk 0:19:26]} 38. axb6+ {[%clk 0:01:44]} Kxb6
{[%clk 0:19:01]} 39. Kxd2 {[%clk 0:02:10]} Nb3+ {[%clk 0:19:13]} 40. Kc3
{[%clk 0:01:51]} Nc5 {[%clk 0:18:44]} 41. Kc4 {[%clk 0:01:05]} Nxa4
{[%clk 0:15:10]} 42. Kd5 {[%clk 0:01:03]} Nc5 {[%clk 0:14:44]} 43. Bf5
{[%clk 0:01:00]} e4 {[%clk 0:11:38]} 44. Bxe4 {[%clk 0:01:12]} Nd7
{[%clk 0:08:37]} 45. Ke6 {[%clk 0:00:58]} Nc5+ {[%clk 0:08:47]} 46. Kf5
{[%clk 0:01:23]} Kc7 {[%clk 0:08:32]} 47. Bc2 {[%clk 0:01:33]} Kd6
{[%clk 0:07:09]} 48. Kg6 {[%clk 0:01:38]} Ke5 {[%clk 0:06:14]} 49. Kxh6
{[%clk 0:01:45]} Kf6 {[%clk 0:06:20]} 50. Kh5 {[%clk 0:01:12]} Ne6
{[%clk 0:04:39]} 51. Kg4 {[%clk 0:01:16]} Ke5 {[%clk 0:03:08]} 52. Bf5
{[%clk 0:00:57]} Nd4 {[%clk 0:02:44]} 53. Bb1 {[%clk 0:00:56]} Kf6
{[%clk 0:02:54]} 54. h4 {[%clk 0:00:51]} gxh4 {[%clk 0:02:50]} 55. Kxf4
{[%clk 0:00:54]} h3 {[%clk 0:01:34]} 56. gxh3 {[%clk 0:01:07]} Ne6+
{[%clk 0:01:52]} 57. Kg4 {[%clk 0:01:03]} Kg7 {[%clk 0:01:41]} 58. h4
{[%clk 0:00:46]} Kh6 {[%clk 0:01:37]} 59. h5 {[%clk 0:00:50]} Ng5
{[%clk 0:01:12]} 60. f4 {[%clk 0:00:44]} Nf7 {[%clk 0:00:34]} 61. Bg6
{[%clk 0:00:55]} Kg7 {[%clk 0:00:33]} 62. Kf5 {[%clk 0:01:00]} Nh6+
{[%clk 0:00:42]} 63. Ke6 {[%clk 0:01:09]} Ng4 {[%clk 0:00:55]} 64. f5
{[%clk 0:00:45]} Kh6 {[%clk 0:00:43]} 65. f6 {[%clk 0:00:37]} Nxf6
{[%clk 0:01:05]} 66. Kxf6 1/2-1/2

[Event "Glorney Gilbert International 2015 - Gilbert"]
[Site "Johnstown House, Enfield, Co. Meath, Ireland"]
[Date "2015.07.20"]
[Round "1.4"]
[White "ENG Shephard, Katherine"]
[Black "SCO Reid, Caitlin"]
[Result "1-0"]
[BlackElo "1524"]
[WhiteElo "1864"]
[LiveChessVersion "1.4.6"]

1. d4 {[%clk 1:30:57]} Nf6 {[%clk 1:30:53]} 2. Nf3 {[%clk 1:30:40]} e6
{[%clk 1:30:58]} 3. c4 {[%clk 1:28:13]} c6 {[%clk 1:19:16]} 4. Nc3
{[%clk 1:21:05]} d5 {[%clk 1:16:54]} 5. e3 {[%clk 1:20:38]} b6 {[%clk 1:15:32]}
6. Bd3 {[%clk 1:16:51]} Bd6 {[%clk 1:13:14]} 7. e4 {[%clk 1:13:41]} dxe4
{[%clk 1:09:40]} 8. Nxe4 {[%clk 1:13:48]} Nxe4 {[%clk 1:07:53]} 9. Bxe4
{[%clk 1:12:45]} Bb7 {[%clk 1:07:21]} 10. O-O {[%clk 1:07:39]} Nd7
{[%clk 1:07:31]} 11. Re1 {[%clk 1:03:43]} O-O {[%clk 1:07:19]} 12. Bg5
{[%clk 0:50:56]} Qc7 {[%clk 1:07:02]} 13. Qe2 {[%clk 0:45:52]} e5
{[%clk 1:04:33]} 14. dxe5 {[%clk 0:42:58]} Nxe5 {[%clk 1:03:42]} 15. Nxe5
{[%clk 0:40:12]} Bxe5 {[%clk 1:01:44]} 16. Bxh7+ {[%clk 0:30:38]} Kxh7
{[%clk 1:01:19]} 17. Qxe5 {[%clk 0:29:31]} Qxe5 {[%clk 0:59:15]} 18. Rxe5
{[%clk 0:29:59]} f6 {[%clk 0:59:26]} 19. Re7 {[%clk 0:30:11]} Ba6
{[%clk 0:59:22]} 20. Bh4 {[%clk 0:29:21]} Bxc4 {[%clk 0:58:56]} 21. b3
{[%clk 0:28:22]} Bd5 {[%clk 0:57:35]} 22. Rae1 {[%clk 0:27:52]} a5
{[%clk 0:57:40]} 23. Rb7 {[%clk 0:25:39]} Rfe8 {[%clk 0:53:06]} 24. Rxe8
{[%clk 0:21:30]} Rxe8 {[%clk 0:53:26]} 25. f3 {[%clk 0:14:28]} Kh6
{[%clk 0:52:50]} 26. Rxb6 {[%clk 0:06:49]} Re2 {[%clk 0:53:07]} 27. a4
{[%clk 0:05:41]} Rb2 {[%clk 0:50:05]} 28. Be1 {[%clk 0:05:16]} Rxb3
{[%clk 0:48:58]} 29. Bxa5 {[%clk 0:04:55]} Ra3 {[%clk 0:45:29]} 30. Bd2+
{[%clk 0:04:15]} Kg6 {[%clk 0:45:57]} 31. a5 {[%clk 0:04:33]} Kf5
{[%clk 0:44:35]} 32. Bb4 {[%clk 0:03:14]} Ra2 {[%clk 0:44:09]} 33. Rb8
{[%clk 0:02:25]} Ke5 {[%clk 0:43:56]} 34. Bc3+ {[%clk 0:01:33]} Kf5
{[%clk 0:43:59]} 35. Rb7 {[%clk 0:01:36]} g6 {[%clk 0:43:20]} 36. Rb2
{[%clk 0:01:41]} Rxb2 {[%clk 0:41:12]} 37. Bxb2 {[%clk 0:02:10]} c5
{[%clk 0:41:39]} 38. a6 {[%clk 0:02:06]} c4 {[%clk 0:41:52]} 39. a7
{[%clk 0:01:43]} Kf4 {[%clk 0:42:15]} 40. Kf2 {[%clk 0:01:25]} f5
{[%clk 0:42:42]} 41. Bf6 {[%clk 0:01:45]} g5 {[%clk 0:42:07]} 42. g3#
{[%clk 0:01:59]} 1-0

[Event "Glorney Gilbert International 2015 - Gilbert"]
[Site "Johnstown House, Enfield, Co. Meath, Ireland"]
[Date "2015.07.20"]
[Round "2.1"]
[White "WLS Camp, Imogen"]
[Black "ENG Shephard, Katherine"]
[Result "0-1"]
[BlackElo "1864"]
[WhiteElo "1551"]
[LiveChessVersion "1.4.6"]

1. d4 {[%clk 1:30:55]} d5 {[%clk 1:30:54]} 2. c4 {[%clk 1:31:11]} c6
{[%clk 1:31:12]} 3. Nf3 {[%clk 1:30:47]} Nf6 {[%clk 1:30:46]} 4. e3
{[%clk 1:30:36]} Bf5 {[%clk 1:29:52]} 5. Qb3 {[%clk 1:27:19]} Qb6
{[%clk 1:24:31]} 6. Nh4 {[%clk 1:23:55]} Be4 {[%clk 1:18:13]} 7. c5
{[%clk 1:20:05]} Qc7 {[%clk 1:15:55]} 8. f3 {[%clk 1:16:35]} Bxb1
{[%clk 1:11:12]} 9. Rxb1 {[%clk 1:16:05]} e6 {[%clk 1:07:17]} 10. f4
{[%clk 1:14:23]} b6 {[%clk 1:02:56]} 11. Qc2 {[%clk 1:08:18]} a5 {[%clk 0:53:50]}
12. cxb6 {[%clk 0:56:18]} Qxb6 {[%clk 0:51:24]} 13. Bd3 {[%clk 0:55:34]} Bb4+
{[%clk 0:39:24]} 14. Bd2 {[%clk 0:54:56]} Nbd7 {[%clk 0:32:12]} 15. O-O
{[%clk 0:53:06]} c5 {[%clk 0:29:24]} 16. Nf3 {[%clk 0:50:36]} c4 {[%clk 0:27:27]}
17. Be2 {[%clk 0:50:49]} Ne4 {[%clk 0:26:10]} 18. a3 {[%clk 0:47:13]} Bxd2
{[%clk 0:22:24]} 19. Nxd2 {[%clk 0:46:37]} Nxd2 {[%clk 0:22:26]} 20. Qxd2
{[%clk 0:47:01]} f5 {[%clk 0:19:08]} 21. a4 {[%clk 0:38:56]} Qb4 {[%clk 0:15:29]}
22. Qc2 {[%clk 0:37:25]} Rb8 {[%clk 0:14:17]} 23. Bd1 {[%clk 0:35:01]} O-O
{[%clk 0:13:49]} 24. b3 {[%clk 0:31:30]} Nf6 {[%clk 0:13:11]} 25. Re1
{[%clk 0:07:54]} 0-1

[Event "Glorney Gilbert International 2015 - Gilbert"]
[Site "Johnstown House, Enfield, Co. Meath, Ireland"]
[Date "2015.07.20"]
[Round "2.2"]
[White "ENG Green, Emily"]
[Black "WLS Sivarajasingam, Shayanna"]
[Result "1/2-1/2"]
[BlackElo "1689"]
[WhiteElo "1629"]
[LiveChessVersion "1.4.6"]

1. e4 {[%clk 1:30:57]} e6 {[%clk 1:30:58]} 2. d4 {[%clk 1:31:23]} d5
{[%clk 1:31:25]} 3. Nc3 {[%clk 1:31:49]} dxe4 4. Nxe4 {[%clk 1:32:07]} Nd7
{[%clk 1:32:20]} 5. Nf3 {[%clk 1:32:08]} Ngf6 {[%clk 1:32:42]} 6. Nxf6+
{[%clk 1:32:17]} Nxf6 {[%clk 1:33:09]} 7. Bd3 {[%clk 1:32:40]} c5
{[%clk 1:33:22]} 8. O-O {[%clk 1:33:01]} Be7 {[%clk 1:33:42]} 9. Bf4
{[%clk 1:31:27]} O-O {[%clk 1:32:53]} 10. dxc5 {[%clk 1:27:59]} Bxc5
{[%clk 1:32:55]} 11. Qe2 {[%clk 1:26:49]} b6 {[%clk 1:31:36]} 12. Rad1
{[%clk 1:25:57]} Qe7 {[%clk 1:31:35]} 13. Rfe1 {[%clk 1:21:53]} Bb7
{[%clk 1:31:20]} 14. Ne5 {[%clk 1:18:08]} Rad8 {[%clk 1:28:15]} 15. Bb5
{[%clk 1:14:10]} Rxd1 {[%clk 1:19:34]} 16. Rxd1 {[%clk 1:14:03]} Rd8
{[%clk 1:19:10]} 17. Bg3 {[%clk 1:07:14]} a6 {[%clk 1:04:42]} 18. Rxd8+
{[%clk 1:03:03]} Qxd8 {[%clk 1:04:57]} 19. Bd3 {[%clk 0:59:57]} Qd5
{[%clk 1:02:58]} 20. Qf3 {[%clk 0:56:07]} Qxf3 {[%clk 1:00:31]} 21. Nxf3
{[%clk 0:56:11]} Bxf3 {[%clk 0:58:07]} 22. gxf3 {[%clk 0:56:34]} a5
{[%clk 0:58:27]} 23. Kf1 {[%clk 0:55:49]} Kf8 {[%clk 0:58:22]} 24. Ke2
{[%clk 0:53:17]} Ke7 {[%clk 0:57:08]} 25. Be4 {[%clk 0:49:06]} Nxe4
{[%clk 0:55:24]} 26. fxe4 {[%clk 0:49:25]} Bd6 {[%clk 0:53:12]} 27. Kd3
{[%clk 0:48:07]} Bxg3 {[%clk 0:53:15]} 28. hxg3 {[%clk 0:48:18]} h5
{[%clk 0:52:57]} 29. a3 {[%clk 0:45:10]} g5 {[%clk 0:52:20]} 30. Ke3
{[%clk 0:41:57]} f5 {[%clk 0:50:47]} 31. exf5 {[%clk 0:36:57]} exf5
{[%clk 0:51:12]} 32. f4 {[%clk 0:35:02]} g4 {[%clk 0:51:26]} 33. Kd4
{[%clk 0:33:36]} Kd6 {[%clk 0:51:37]} 34. b3 {[%clk 0:32:09]} Kc6
{[%clk 0:48:08]} 35. c3 {[%clk 0:31:50]} Kd6 {[%clk 0:48:04]} 36. Kd3
{[%clk 0:31:01]} Kd5 {[%clk 0:47:41]} 37. Ke3 {[%clk 0:31:10]} Kc5
{[%clk 0:47:09]} 38. Kd3 {[%clk 0:31:21]} b5 {[%clk 0:45:04]} 39. b4+
{[%clk 0:23:30]} axb4 {[%clk 0:44:53]} 40. axb4+ {[%clk 0:23:42]} Kd5
{[%clk 0:45:11]} 41. Ke3 {[%clk 0:23:52]} Kc4 {[%clk 0:41:07]} 42. Kd2
{[%clk 0:24:06]} Kd5 {[%clk 0:40:32]} 43. Ke3 {[%clk 0:23:14]} 1/2-1/2

[Event "Glorney Gilbert International 2015 - Gilbert"]
[Site "Johnstown House, Enfield, Co. Meath, Ireland"]
[Date "2015.07.20"]
[Round "2.3"]
[White "WLS Richards, Megan"]
[Black "ENG Strong, Zoe"]
[Result "1/2-1/2"]
[BlackElo "1381"]
[WhiteElo "1403"]
[LiveChessVersion "1.4.6"]

1. e4 {[%clk 1:30:57]} c5 {[%clk 1:30:56]} 2. Nf3 {[%clk 1:31:24]} d6
{[%clk 1:31:21]} 3. Bc4 {[%clk 1:31:20]} Nf6 {[%clk 1:31:26]} 4. Nc3
{[%clk 1:30:33]} Nc6 {[%clk 1:31:41]} 5. O-O {[%clk 1:29:14]} g6 {[%clk 1:31:58]}
6. a3 {[%clk 1:27:04]} Bg7 {[%clk 1:32:21]} 7. d3 {[%clk 1:27:15]} O-O
{[%clk 1:32:44]} 8. h3 {[%clk 1:25:04]} a6 {[%clk 1:31:30]} 9. Be3
{[%clk 1:24:21]} b5 {[%clk 1:31:41]} 10. Ba2 {[%clk 1:23:19]} Bb7
{[%clk 1:31:58]} 11. Re1 {[%clk 1:19:55]} Qd7 {[%clk 1:29:38]} 12. Qd2
{[%clk 1:18:25]} Rfe8 {[%clk 1:29:19]} 13. Ng5 {[%clk 1:12:33]} Rf8
{[%clk 1:25:39]} 14. Rab1 {[%clk 1:07:55]} Rad8 {[%clk 1:23:29]} 15. Nd5
{[%clk 1:05:30]} Nxd5 {[%clk 1:21:45]} 16. Bxd5 {[%clk 1:05:03]} Nb8
{[%clk 1:19:12]} 17. Ba2 {[%clk 1:01:24]} Qc7 {[%clk 1:17:58]} 18. Nf3
{[%clk 0:55:00]} Nd7 {[%clk 1:15:53]} 19. Bh6 {[%clk 0:51:32]} Bxh6
{[%clk 1:15:43]} 20. Qxh6 Nf6 21. Ng5 {[%clk 0:50:10]} e5 {[%clk 1:13:30]} 22.
Rf1 {[%clk 0:48:39]} d5 {[%clk 1:04:59]} 23. Rbe1 {[%clk 0:45:59]} c4
{[%clk 1:04:12]} 24. dxc4 {[%clk 0:45:18]} dxe4 {[%clk 1:03:14]} 25. Qh4
{[%clk 0:44:24]} Qc6 {[%clk 1:01:16]} 26. cxb5 axb5 {[%clk 1:00:55]} 27. Re2
{[%clk 0:34:37]} e3 {[%clk 1:00:08]} 28. f3 {[%clk 0:33:43]} Rd2 {[%clk 1:00:20]}
29. Qe1 {[%clk 0:26:05]} Qxc2 {[%clk 0:59:54]} 30. Rxd2 {[%clk 0:24:45]} Qxd2
{[%clk 0:59:02]} 31. Qxd2 {[%clk 0:24:03]} exd2 {[%clk 0:59:27]} 32. Rd1
{[%clk 0:24:20]} h6 {[%clk 0:58:42]} 33. Nxf7 {[%clk 0:24:15]} Rxf7
{[%clk 0:58:59]} 34. Bxf7+ {[%clk 0:24:31]} Kxf7 {[%clk 0:59:22]} 35. Rxd2
{[%clk 0:24:45]} Ke6 {[%clk 0:59:29]} 36. Kf2 {[%clk 0:24:38]} e4
{[%clk 0:58:57]} 37. Re2 {[%clk 0:20:25]} Kf5 {[%clk 0:55:50]} 38. Rc2
{[%clk 0:15:47]} Ke5 {[%clk 0:51:56]} 39. Rc5+ {[%clk 0:14:30]} Kd4
{[%clk 0:52:10]} 40. Rxb5 {[%clk 0:14:24]} e3+ {[%clk 0:52:00]} 41. Ke1
{[%clk 0:14:12]} Bc8 {[%clk 0:47:29]} 42. Rb6 {[%clk 0:13:05]} Nh5
{[%clk 0:44:22]} 1/2-1/2

[Event "Glorney Gilbert International 2015 - Gilbert"]
[Site "Johnstown House, Enfield, Co. Meath, Ireland"]
[Date "2015.07.20"]
[Round "2.4"]
[White "SCO Reid, Caitlin"]
[Black "IRL Mirza, Diana"]
[Result "0-1"]
[BlackElo "1735"]
[WhiteElo "1524"]
[LiveChessVersion "1.4.6"]

1. e4 {[%clk 1:30:56]} c5 {[%clk 1:30:56]} 2. Nf3 {[%clk 1:31:08]} e6
{[%clk 1:31:22]} 3. c4 {[%clk 1:31:09]} Nc6 {[%clk 1:30:56]} 4. Nc3
{[%clk 1:31:25]} g6 {[%clk 1:29:46]} 5. d3 {[%clk 1:30:54]} Bg7 {[%clk 1:30:01]}
6. Be3 {[%clk 1:29:26]} d6 {[%clk 1:30:23]} 7. a3 {[%clk 1:27:46]} Nge7
{[%clk 1:30:40]} 8. Qd2 {[%clk 1:27:22]} Nd4 {[%clk 1:29:58]} 9. Bxd4
{[%clk 1:25:20]} cxd4 {[%clk 1:30:20]} 10. Nb5 {[%clk 1:24:59]} Nc6
{[%clk 1:30:08]} 11. a4 {[%clk 1:24:28]} a6 {[%clk 1:28:25]} 12. Na3
{[%clk 1:24:43]} Na5 {[%clk 1:27:52]} 13. Qc2 {[%clk 1:22:00]} Qb6
{[%clk 1:27:11]} 14. Be2 {[%clk 1:21:52]} Nb3 {[%clk 1:26:45]} 15. Rb1
{[%clk 1:21:43]} Qb4+ {[%clk 1:26:58]} 16. Kf1 {[%clk 1:19:21]} Bd7
{[%clk 1:26:40]} 17. Qd1 {[%clk 1:18:25]} Bxa4 {[%clk 1:25:41]} 18. Nc2
{[%clk 1:18:35]} Qb6 {[%clk 1:24:30]} 19. g3 {[%clk 1:13:27]} O-O
{[%clk 1:24:37]} 20. Nd2 {[%clk 1:12:39]} f5 {[%clk 1:23:19]} 21. Kg2
{[%clk 1:11:17]} Nc5 {[%clk 1:21:12]} 22. b4 {[%clk 1:09:07]} Nd7
{[%clk 1:21:01]} 23. Qc1 {[%clk 1:08:27]} Bh6 {[%clk 1:18:06]} 24. f4
{[%clk 1:06:01]} e5 {[%clk 1:17:23]} 25. Nf3 {[%clk 1:05:28]} fxe4
{[%clk 1:15:16]} 26. dxe4 {[%clk 1:05:03]} Nf6 {[%clk 1:12:14]} 27. Bd3
{[%clk 1:01:33]} Ng4 {[%clk 1:11:06]} 28. h3 {[%clk 0:58:06]} Bxc2
{[%clk 1:11:11]} 29. Bxc2 {[%clk 0:41:28]} Ne3+ {[%clk 1:11:21]} 30. Kf2
{[%clk 0:41:25]} exf4 {[%clk 1:09:51]} 31. g4 {[%clk 0:41:15]} Kh8 32. Bd3
{[%clk 0:37:58]} Bg7 {[%clk 1:05:17]} 33. Qa3 {[%clk 0:35:51]} Rac8
{[%clk 1:04:41]} 34. Qa2 {[%clk 0:35:16]} Rc7 {[%clk 0:57:25]} 35. Ng5
{[%clk 0:27:49]} Re7 {[%clk 0:57:02]} 36. Kf3 {[%clk 0:27:49]} Qc7
{[%clk 0:48:30]} 37. h4 {[%clk 0:27:51]} Qd7 {[%clk 0:48:44]} 38. Rhg1
{[%clk 0:27:30]} h6 {[%clk 0:45:39]} 39. Nh3 {[%clk 0:26:17]} Qe6
{[%clk 0:43:37]} 40. Nf2 {[%clk 0:23:10]} b5 {[%clk 0:42:34]} 41. Rbc1
{[%clk 0:20:21]} bxc4 {[%clk 0:41:17]} 42. Bxc4 {[%clk 0:20:19]} Nxc4
{[%clk 0:41:00]} 43. Rxc4 {[%clk 0:20:33]} d5 {[%clk 0:41:14]} 44. exd5
{[%clk 0:16:02]} Qxd5+ {[%clk 0:41:36]} 0-1